Actualidades de construcción : México 76 /

Compendio de las principales obras de ingeniería civil construidas en México durante 1976, y de las cuáles se presenta una descripción de su análisis estructural, planos de construcción y técnica de la estructura. En el libro se reproducen obras de ingeniería de: puentes, túneles, distribuidores via...

Deskribapen osoa

Gorde:
Xehetasun bibliografikoak
Egile nagusia: Lasso Herrera, Ricardo (autor)
Formatua: Liburua
Hizkuntza:gaztelania
Argitaratua: México : Ricardo Lasso H., 1976, c1976
Gaiak:
Etiketak: Etiketa erantsi
Etiketarik gabe, Izan zaitez lehena erregistro honi etiketa jartzen!

MARC

LEADER 00000nam^a2200000^a^4500
001 000188740
005 20250521000000.0
009 20260310102349.958
037 |a Acervo ITESO - Biblioteca 
041 |a ESP 
082 |a 624. 0972  |b LAS 
100 |a Lasso Herrera, Ricardo  |e (autor) 
240 1 1 |a [Actualidades de construcción] 
245 1 0 |a Actualidades de construcción :  |b México 76 /  |c R. Lasso Herrera. 
264 4 |a México :  |b Ricardo Lasso H.,  |c 1976, c1976 
300 |a 128 p. 
336 |a texto  |b txt  |2 rdacontenido 
337 |a sin mediación  |b n  |2 rdamedio 
338 |a volumen  |b nc  |2 rdasoporte 
520 |a Compendio de las principales obras de ingeniería civil construidas en México durante 1976, y de las cuáles se presenta una descripción de su análisis estructural, planos de construcción y técnica de la estructura. En el libro se reproducen obras de ingeniería de: puentes, túneles, distribuidores viales, carreteras, colectores de agua, bodegas, silos, centros comerciales y escuelas. 
649 |a XX 
650 |a Cálculo Estructural 
650 |a Estructuras 
650 |a Construcción -  |z México -  |x Historia -  |y 1970-1979 -  |x Tema Principal 
650 |a Ingeniería Civil -  |z México -  |x Historia -  |y 1970-1979 
650 |a Sistema de Drenaje y Alcantarillado -  |z México 
650 |a Puentes -  |z México 
650 |a Pasos a Desnivel -  |x México 
650 |a Carreteras y Autopistas -  |z México 
650 |a Bodegas -  |z México 
650 |a Silos -  |z México 
650 |a Centros Comerciales -  |z México 
650 |a Escuelas -  |z México 
650 |a Arquitectura Mexicana -  |y Siglo XX 
650 |a Arquitectura Mexicana -  |x Historia y Crítica 
910 |a Fondo Julio de la Peña Lomelín 
920 |a Impresos - Libros 
930 |a Arquitectos Jaliscienses 
905 |a 115 
901 |a 0500131371  |b IT1  |c JAL  |u 20250521 
902 |a https://opac.biblio.iteso.mx/vufind/Record/000188740